Sports Quiz

Random Sports or NBA Quiz

NBA MVPs over the last 25 years Quiz Stats

 Plays Quiz not verified by Sporcle

Challenge
Share
Tweet
Embed
Score 0/25 Timer 08:00
0 Plays Today
Team Player % Correct
HeatLeBron James
100%
HeatLeBron James
100%
CavaliersLeBron James
100%
CavaliersLeBron James
100%
BullsMichael Jordan
98.2%
BullsMichael Jordan
97.7%
BullsMichael Jordan
97.1%
LakersKobe Bryant
96.5%
ThunderKevin Durant
95.3%
WarriorsStephen Curry
94.7%
LakersMagic Johnson
94.7%
BullsDerrick Rose
94.2%
Lakers Magic Johnson
94.2%
Team Player % Correct
SpursTim Duncan
94.2%
SpursTim Duncan
94.2%
SunsSteve Nash
93%
MavericksDirk Nowitzki
93%
SunsSteve Nash
93%
lakersShaquille O'Neal
93%
TimberwolvesKevin Garnett
92.4%
JazzKarl Malone
92.4%
76ersAllen Iverson
91.8%
SpursDavid Robinson
89.5%
SunsCharles Barkley
89.5%
RocketsHakeem Olajuwon
88.3%

You're not logged in!

Compare scores with friends on all Sporcle quizzes.
OR
Log In

You Might Also Like...

Show Comments

Extras

Created May 6, 2015ReportNominate
Tags:NBA Quiz, last, mvp, player, team

Top Quizzes Today


Score Distribution

Your Account Isn't Verified!

In order to create a playlist on Sporcle, you need to verify the email address you used during registration. Go to your Sporcle Settings to finish the process.

Report this User

Report this user for behavior that violates our Community Guidelines.

Details: